Statistics for Cities by letter E

Click here to take the quiz!

General Stats

  • This quiz has been taken 45 times
  • The average score is 6 of 10

Answer Stats

HintAnswer% Correct
Capital of ScotlandEdinburgh
100%
Capital of AlbertaEdmonton
93%
Westernmost city in TexasEl Paso
86%
German city named the European Capital of Culture, in 2010Essen
84%
5th largest city in the NetherlandsEindhoven
64%
Largest city in the Kurdistan part of IraqErbil
43%
Part of Jerusalem, in the West Bank, PalestineEast Jerusalem
27%
City, 25 miles North of SeattleEverett
23%
City in South Africa, formerly known as Port RexEast London
18%
City in Poland, with the largest brewery in the countryElblag
14%

Score Distribution

Percentile by Number Answered

Percent of People with Each Score

Your Score History

You have not taken this quiz